Từ điển vật lý Anh - Việt
Sách cung cấp các thông tin mới nhất về lĩnh vực vật lý, hướng dẫn phát âm tiếng Anh đầy đủ theo lối phiên âm thông dụng trên thê giới hiện nay, cùng nhiều hình minh họa giải thích đi kèm
שמור ב:
| מחבר ראשי: | |
|---|---|
| פורמט: | ספר |
| שפה: | Undetermined |
| יצא לאור: |
Đồng Nai
Nxb. Đồng Nai
1996
|
| נושאים: | |
| תגים: |
הוספת תג
אין תגיות, היה/י הראשונ/ה לתייג את הרשומה!
|
| Thư viện lưu trữ: | Trung tâm Học liệu Trường Đại học Cần Thơ |
|---|
| LEADER | 00796nam a2200181Ia 4500 | ||
|---|---|---|---|
| 001 | CTU_16868 | ||
| 008 | 210402s9999 xx 000 0 und d | ||
| 082 | |a 530.3 | ||
| 082 | |b Kh103 | ||
| 100 | |a Nguyễn Xuân Khai | ||
| 245 | 0 | |a Từ điển vật lý Anh - Việt | |
| 245 | 0 | |c Nguyễn Xuân Khai | |
| 260 | |a Đồng Nai | ||
| 260 | |b Nxb. Đồng Nai | ||
| 260 | |c 1996 | ||
| 520 | |a Sách cung cấp các thông tin mới nhất về lĩnh vực vật lý, hướng dẫn phát âm tiếng Anh đầy đủ theo lối phiên âm thông dụng trên thê giới hiện nay, cùng nhiều hình minh họa giải thích đi kèm | ||
| 650 | |a physics - terminology | ||
| 980 | |a Trung tâm Học liệu Trường Đại học Cần Thơ | ||